Normal view
MARC view
- Zahir, Khurram
Entry Personal Name
001 - CONTROL NUMBER
- control field: 51692
003 - CONTROL NUMBER IDENTIFIER
- control field: NUST
005 - DATE AND TIME OF LATEST TRANSACTION
- control field: 20210314135032.0
008 - FIXED-LENGTH DATA ELEMENTS
- fixed length control field: 210314|| aca||aabn | a|a d
040 ## - CATALOGING SOURCE
- Original cataloging agency: NUST
- Transcribing agency: NUST
100 ## - HEADING--PERSONAL NAME
- Personal name: Zahir, Khurram
670 ## - SOURCE DATA FOUND
- Source citation: Work cat.: (NUST): Cheema, Muhammad Bin Khalid 51688, A hybrid-Delphi (Pestle-Swot) paradigm for oil and GAS pipeline strategic planning in CPEC, 2019.
